000 00848nac a22002777a 4500
001 BR2011003304
003 BR-BrBNA
005 20240105123915.0
008 230509b bl.|||m| |||| 00| 0 por d
040 _aBR-BrBNA
_bpor
_cBiblioteca Nacional de Agricultura
072 _aP06
090 _aP06 BR2011003304
100 1 _aPacheco, T.F.
110 1 _aEMBRAPA Agroenergia, Brasília, DF (Brasil)
_93532
245 1 _aProdução de etanol: primeira ou segunda geração?
260 3 _aBrasília, DF (Brasil):
_c2011.
300 _a5 p.
490 _aCircular Técnica - EMBRAPA Agroenergia (Brazil)
_vno. 4
_xISSN 2177-4420
500 _a14 ref.
650 _aETANOL
650 _aBIOCOMBUSTÍVEL
650 _aMEIO AMBIENTE
650 _aCANA DE AÇÚCAR
909 _a202312
_bLúcia Elande
_c55
_dLúcia Elande
942 _2AGRIS
_n0
_cMS
999 _c297495
_d297495